00809nam a2200253 i 4500001000300000003000400003005001700007008003900024015001800063020001500081040001400096041000800110080000800118080001600126245009100142250002500233260004300258300003000301655005000331650001300381710003400394700002900428856009800457bgBPK20200102131249.0991210s2001 pl a f f |000 0 pol aPB 1999/19211 a8301129999 aWA NcBPK0 apol a330 a(075.8+076)00aPodstawy ekonomii :bćwiczenia, zadania, problemy /caut. Paweł Alberciak [et al.]. aWyd. 2, popr., dodr. aWarszawa :bWydaw. Naukowe PWN,c2001. a300 s. :bwykr. ;c24 cm. 4aĆwiczenia i zadania dla szkół wyższych 4aEkonomia2 aWydawnictwo Naukowe PWN4pbl.1 aAlberciak, PawełeAutor uhttp://koha.tu.koszalin.pl/cgi-bin/koha/opac-detail.pl?biblionumber=53637yKatalog online BPK